サメ Sudden Death - Statistics

General Stats
  • This quiz has been taken 141 times
    135 since last reset
  • The average score is 3 of 9
Answers on the Grid
Answers color-coded by a green-red scale on the quiz's grid according to % correct below.
オオセ
ノコギリエイ
チョウザメ
マオマガ
ジンベイザメ
サカタザメ
シーラカンス
ネムリブカ
ダルマザメ
ニタリ
マンタ
クロマグロ
コバンザメ
ミズワニ
ヨロイザメ
マゴチ
ハチワレ
サザナミヤッコ
アラスカカスベ
ウチワザメ
 
Answer Stats
Answer % Correct
ジンベイザメ
72%
ネムリブカ
36%
ダルマザメ
36%
ヨロイザメ
36%
オオセ
30%
ニタリ
18%
ミズワニ
18%
ハチワレ
17%
マオマガ
9%
No matching quizzes found
Score Distribution
Percent of People with Each Score
Percentile by Number Answered
Your Score History
You have not taken this quiz since the last reset